Corporate governance in China : research and evaluation (Record no. 139655)

MARC details
000 -LEADER
fixed length control field 00784nam a2200205Ia 4500
008 - FIXED-LENGTH DATA ELEMENTS--GENERAL INFORMATION
fixed length control field 191130s2008##################000#0#eng##
020 ## - INTERNATIONAL STANDARD BOOK NUMBER
ISBN 9780470823408
082 ## - DEWEY DECIMAL CLASSIFICATION NUMBER
Classification number 338.60951 WEI
100 ## - MAIN ENTRY--AUTHOR NAME
Personal name Li, Wei-an
245 ## - TITLE STATEMENT
Title Corporate governance in China : research and evaluation
Statement of responsibility, etc Li Wei-An [and others]
260 ## - PUBLICATION, DISTRIBUTION, ETC. (IMPRINT)
Place of publication Hoboken, N.J
Name of publisher Wiley
Year of publication 2008
300 ## - PHYSICAL DESCRIPTION
Number of Pages xiv, 250 p. : ill. ; 24 cm
500 ## - GENERAL NOTE
General note Book is result of three years of effort by the corporate governance evaluation project, headed by Li Wei-An of Nankai University in China. Includes bibliographical references (p. 241-245) and index
650 ## - SUBJECT ADDED ENTRY--TOPICAL TERM
Topical Term Corporate governance - China
991 ## -
-- 153778
Holdings
Withdrawn status Lost status Damaged status Not for loan Home library Current library Shelving location Date acquired Full call number Accession Number Price effective from Koha item type
        Anna Centenary Library Anna Centenary Library 4TH FLOOR, A WING 12.10.2020 338.60951 WEI 130686 12.10.2020 English Books

Find us on the map